Geography Quiz

Random Geography or City Quiz
Score 0/26 Timer 07:00
1 Play Today
% Correct
A is Denver
83.9%
A is Sacramento
81.6%
D is Phoenix
80.3%
A is Austin
79.8%
A is Springfield
77.5%
D is Atlanta
76.8%
D is Lansing
76%
C is Columbus
72.5%
B is Harrisburg
70.9%
A is Indianapolis
69.7%
D is Nashville
69.7%
C is Olympia
69.2%
D is Boston
68%
% Correct
A is Raleigh
67.6%
B is Richmond
65.9%
D is Tallahassee
65.4%
B is Annapolis
63.6%
A is Jefferson City
61.9%
C is Columbia
58.3%
B is Juneau
58.1%
C is Madison
55.3%
C is Albany
52.3%
B is Montgomery
50.5%
A is Frankfort
46.2%
D is Baton Rouge
45.6%
D is Saint Paul
37.5%
Remove Ads.
Support Sporcle.
Get the best of Sporcle when you Go Orange. This ad-free experience offers more features, more stats, and more fun while also helping to support Sporcle. Thank you for becoming a member.

You're not logged in!

Compare scores with friends on all Sporcle quizzes.
OR
Log In

Show Comments

Extras

Top Quizzes Today


Score Distribution

Your Account Isn't Verified!

In order to create a playlist on Sporcle, you need to verify the email address you used during registration. Go to your Sporcle Settings to finish the process.

Report this User

Report this user for behavior that violates our Community Guidelines.

Details: